00739nam a22002297a 450000500170000001000230001702000260004003500170006603500130008303500140009603700130011008200110012310000250013424500670015925000120022626000310023827000680026930000260033750000500036365000570041365000390047020170706110422.0 a1617EN ENG-116819 a9789384082673c320.00 aB-651213-221 aB-664683 aEN-100351 bBSBadpl a954.02 aChakravarti, Ranabir aExploring early India upto c.AD1300 /cby Ranabir Chakravarti a3rd ed. aDelhibPrimus Books.c2016 aVirat Bhawan, Mukhrjee Nagar Commercial Complex.bDelhie110009 axxiv,491p.b24cm(pbk) aIncludes bibliographical references and index aFolk literature, MarathivTranslations into English. aDhangar (Indic people) vFolklore.